Bilecik Bilecik Bilecik Bilecik Bilecik

English grammar from all aspects = (Record no. 1633)

MARC details
000 -BAŞLIK
Sabit Uzunluktaki Kontrol Alanı 00994nam a22003017a 4500
001 - KONTROL NUMARASI
Control Dosyası 0001646
003 - KONTROL NUMARASI KİMLİĞİ
Kontrol Alanı KOHA_MİRAKIL
005 - EN SON İŞLEM TARİHİ ve ZAMANI
Kontrol Alanı 20260207001248.0
007 - FİZİKSEL TANIM SABİT ALAN - GENEL BİLGİ
Sabit uzunluklu kontrol alanı ta
008 - SABİT UZUNLUKTAKİ VERİ ÖGELERİ - GENEL BİLGİ
Sabit Alan 090217b2000 tu |||gr||||#0|||1|tur |
020 ## - ISBN - ULUSLARARASI STANDART KİTAP NUMARASI
Isbn 9754710090
Kullanılabilirlik koşulları 29,465
040 ## - KATALOGLAMA KAYNAĞI
Özgün Kataloglama Kurumu TR-BiSEU
Kataloglama Dili tur
Çeviri Kurumu TR-BiSEU
Açıklama Kuralları rda
041 0# - DİL KODU
Metin ya da ses kaydının dil kodu tur
044 ## - YAYINLAYAN/ÜRETEN KURULUŞUN ÜLKE KODU
ISO country code tu
050 ## - SINIFLAMA ve YER NUMARASI
Sınıflama Numarası PE1112
Yer Numarası .B39 2000
100 1# - KİŞİ ADI
Yazar Adı (Kişi adı) Bayram, Ali.
240 10 - TEK BİÇİM BAŞLIK
Tekbiçim Başlık <a href="İleri düzeyde öğrenciler için her yönüyle ingilizce dilbilgisi">İleri düzeyde öğrenciler için her yönüyle ingilizce dilbilgisi</a>
Language of a work Türkçe
245 1# - ESER ADI BİLDİRİMİ
Başlık English grammar from all aspects =
Alt Eseradı vb. İleri düzeyde öğrenciler için her yönüyle ingilizce dilbilgisi/
Sorumluluk Bildirimi Ali Bayram ; Ali Bayram.
264 #1 - ÜRERİM, YAYIN, DAĞITIM ve TELİF BİLDİRİMİ
Yayın yeri İstanbul :
Yayınlayan Fono Açıköğretim Kurumu Yayınları
Yayın tarihi 2000
300 ## - FİZİKSEL TANIMLAMA
Sayfa, Cilt vb. vii, 452 sayfa
336 ## - İÇERİK TÜRÜ
Content type term metin
Content type code txt
Source rdacontent
337 ## - MEDYA TÜRÜ
Media type term aracısız
Media type code n
Source rdamedia
338 ## - TAŞIYICI TÜRÜ
Carrier type term cilt
Carrier type code nc
Source rdacarrier
650 #0 - KONU BAŞLIĞI EK GİRİŞ - KONU TERİMİ
Konusal terim veya coğrafi ad İngiliz Dili--Dilbilgisi.
9 (RLIN) 5136
650 #0 - KONU BAŞLIĞI EK GİRİŞ - KONU TERİMİ
Konusal terim veya coğrafi ad English language--Grammar.
9 (RLIN) 3478
907 ## - LOCAL DATA ELEMENT G, LDG (RLIN)
a Dil
942 ## - EK GİRİŞ ÖGELERİ (KOHA)
Source of classification or shelving scheme Library of Congress Classification
Koha item type Book
Holdings
Materyal Türü Kalıcı Konum Mevcut Konum Raf Yeri Sınıflandırma Kaynağı Edinim Bilgisi Ana Konular Alt Konular Yer Numarası Demirbaş Numarası Fatura Tarihi Maliyet, Alış Fiyatı Maliyet, Yenileme Fiyatı Geri Çekilme Durumu Kayıp Durumu Hasarlı Durumu Kredi için değil Kayıt Tarih Toplam Ödünçverme Son Görülme Tarihi Son Kontrol Tarihi
Book Prof. Dr. Azmi Özcan Kütüphanesi Prof. Dr. Azmi Özcan Kütüphanesi Birûni Salonu Library of Congress Classification Satın DİL VE EDEBİYAT İngiliz Dili PE1112 .B39 2000 0001646 12/12/2008 31.82 31.82         17/02/2009 53 27/05/2025 27/05/2025